000 00621nam a2200205Ia 4500
003 GCL
008 140319s9999 xx 000 0 ara d
040 _aGCL /
_cGCL
082 0 4 _a581.64
_bع ت
100 1 _aعلى الدجوى
245 1 0 _aتكنولوجيا النباتات الطبية والعطرية النباتات الطبية /
_cعلى الدجوى
300 _a414 ص
490 _a
650 0 4 _aالطب
650 0 4 _aالطب الشعبى
650 0 4 _aالعلاج النباتى
650 0 4 _aالنباتات الطبية
650 0 4 _aالعقاقير النباتية
942 _2ddc
_cBK
999 _c38510
_d38510